Guess The KATSEYE Song With No Hints #2 - Statistics

General Stats
  • This quiz has been taken 44 times
  • The average score is 147 of 252
Answer Stats
Lyrics % Correct
a
88%
A
88%
I
84%
(I
84%
it
72%
like
72%
me,
72%
the
72%
up,
72%
up
72%
(Up,
72%
up)
72%
Go
69%
of
69%
Pin
69%
pin
69%
touch
69%
you,
69%
you
69%
my
66%
Pinky
66%
pinky
66%
Pinky-
66%
pinky-
66%
We
66%
we
66%
And
63%
goes
63%
in
63%
One
63%
one
63%
(One,
63%
one,
63%
(Ooh)
63%
Ooh,
63%
this
63%
this)
63%
bet
59%
No
59%
get
56%
if
56%
If
56%
love
56%
that
56%
for
53%
lot
53%
parking
53%
shaking
53%
they
53%
us
53%
Us
53%
ass
50%
down
50%
got
50%
it's
50%
kill
50%
off
50%
world,
50%
against
47%
arrested,
47%
baby,
47%
cloud
47%
deep
47%
from
47%
I'd
47%
laugh
47%
mind
47%
nine
47%
state
47%
tried
47%
we're
47%
but
44%
'em
44%
friends
44%
haha,
44%
I'm
44%
is
44%
make
44%
oui,
44%
oui
44%
out
44%
screaming
44%
wanna
44%
with
44%
all
41%
burns
41%
day,
41%
end
41%
gonna
41%
new
41%
before
38%
could
38%
high
38%
attitude
34%
batshit,
34%
just
34%
live
34%
Put
34%
three,
34%
two,
34%
four)
31%
know
31%
Lisa
31%
Mona
31%
right
31%
cute
28%
Louvre
28%
robbin'
28%
world's
28%
bestest
25%
delusion,
25%
ground
25%
hard
25%
Socrates
25%
frequency
22%
philosophy
22%
soon,
22%
large,
19%
nothing,
19%
Fancy
16%
kinda
16%
No matching quizzes found
Score Distribution
Percent of People with Each Score
Percentile by Number Answered
Your Score History
You have not taken this quiz